تأثير التكوين المعدنى والنسجة (القوام) على تكوين القشرة السطحية (Record no. 54310)

MARC details
000 -LEADER
fixed length control field 01479cab a2200265Ia 45 0
001 - CONTROL NUMBER
control field u202425
003 - CONTROL NUMBER IDENTIFIER
control field SIRSI
008 - FIXED-LENGTH DATA ELEMENTS--GENERAL INFORMATION
fixed length control field 120920s2008 ua ss b ara d
040 ## - CATALOGING SOURCE
Original cataloging agency EAL
041 ## - LANGUAGE CODE
Language code of text/sound track or separate title ara
Language code of summary or abstract eng
090 ## - LOCALLY ASSIGNED LC-TYPE CALL NUMBER (OCLC); LOCAL CALL NUMBER (RLIN)
Classification number (OCLC) (R) ; Classification number, CALL (RLIN) (NR) ART JARKU V34 No3 20
100 1# - MAIN ENTRY--PERSONAL NAME
Personal name عاتى، آلاء صالح.
240 10 - UNIFORM TITLE
Uniform title Journal of agricultural research Kafrelsheikh Univeristy, 2008 v. 34 (3)
Medium [electronic resource].
245 10 - TITLE STATEMENT
Title تأثير التكوين المعدنى والنسجة (القوام) على تكوين القشرة السطحية
Medium [مصدر إلكترونى].
246 15 - VARYING FORM OF TITLE
Title proper/short title Effect of soil mineralogy and texture on crust formation.
300 ## - PHYSICAL DESCRIPTION
Extent ص.892-909.
504 ## - BIBLIOGRAPHY, ETC. NOTE
Bibliography, etc. note يحتوى على مراجع.
520 ## - SUMMARY, ETC.
Summary, etc. الهدف من الدراسة الحالية هو تبيان تأثير التكوين المعدنى ونسجة التربة فى تكوين القشرة السطحية . جمعت عينات تربة من مواقع تختلف فى طوبغرافيتها (منخفضة ومستوية). اذ قسمت العينات الى طبقة سطحية (القشرة) وتحت سطحية كل على حدة.
546 ## - LANGUAGE NOTE
Language note ملخص باللغة الأنجليزية.
596 ## -
-- 1
650 #7 - SUBJECT ADDED ENTRY--TOPICAL TERM
Topical term or geographic name entry element تقشير التربة
Source of heading or term qrmak.
650 #7 - SUBJECT ADDED ENTRY--TOPICAL TERM
Topical term or geographic name entry element المعادن
Source of heading or term qrmak.
773 0# - HOST ITEM ENTRY
Title Journal of Agricultural Research Kafrelsheikh Univeristy.
Related parts 2008.v.34(3)
International Standard Serial Number 1110-032X
Control subfield nnas
Record control number u191359
856 40 - ELECTRONIC LOCATION AND ACCESS
Uniform Resource Identifier <a href="http://nile.enal.sci.eg/EALE/2008/JARKU/3408/3/892a.pdf">http://nile.enal.sci.eg/EALE/2008/JARKU/3408/3/892a.pdf</a>
Public note Full Text Artical
942 ## - ADDED ENTRY ELEMENTS (KOHA)
Koha item type Articles
Source of classification or shelving scheme Library of Congress Classification

No items available.


Home | About ENAL | Collections | Services | Activities | Calendar | Contact us

7 Nadi El Sayed St., Giza, Egypt | Phone:02-33351121 +02-33351313 | 
| Email: enalegypt@gmail.com